| 000 | 00642nam a22001457a 4500 | ||
|---|---|---|---|
| 005 | 20180810114919.0 | ||
| 020 |
_a8121511720 _c650.00 |
||
| 035 | _aB-220485, B-220484, B-220487 | ||
| 037 |
_aDPL _bENG |
||
| 100 | _aPandit,Moti Lal | ||
| 245 |
_aThe Disclosure of Being : _cby Moti Lal Pandit _bA Study of Yogic and Tantric Methods of Enstsasy/ |
||
| 260 |
_aNew Delhi _bMunshiram Manoharlal Publishers _c2006 |
||
| 300 |
_a ix,347p. _c23 cms. |
||
| 942 |
_2ddc _cEN _h235 _mPAN |
||
| 999 |
_c64458 _d64458 |
||